| 000 -LEADER |
| fixed length control field |
00717cam a2200241 a 4500 |
| 020 ## - INTERNATIONAL STANDARD BOOK NUMBER |
| ISBN |
9781118415344 (epub) |
| 020 ## - INTERNATIONAL STANDARD BOOK NUMBER |
| ISBN |
9781118418024 (pdf) |
| 020 ## - INTERNATIONAL STANDARD BOOK NUMBER |
| ISBN |
9781118552957 ( mobipocket) |
| 040 ## - CATALOGING SOURCE |
| Transcribing agency |
DLC |
| 082 00 - DEWEY DECIMAL CLASSIFICATION NUMBER |
| Classification number |
362 JIS 2013 C158 Or. |
| 245 00 - TITLE STATEMENT |
| Title |
Transdisciplinary public health |
| Remainder of title |
research, education, and practice / |
| 250 ## - EDITION STATEMENT |
| Edition statement |
1st ed. |
| 260 ## - PUBLICATION, DISTRIBUTION, ETC. (IMPRINT) |
| Place of publication |
San Francisco, CA : |
| Name of publisher |
Jossey-Bass, |
| Year of publication |
c2013. |
| 300 ## - PHYSICAL DESCRIPTION |
| Number of Pages |
1 online resource. |
| 650 12 - SUBJECT ADDED ENTRY--TOPICAL TERM |
| Topical Term |
Public Health. |
| 650 22 - SUBJECT ADDED ENTRY--TOPICAL TERM |
| Topical Term |
Evidence-Based Practice. |
| 650 22 - SUBJECT ADDED ENTRY--TOPICAL TERM |
| Topical Term |
Interdisciplinary Communication. |
| 650 22 - SUBJECT ADDED ENTRY--TOPICAL TERM |
| Topical Term |
Public Policy. |
| 650 22 - SUBJECT ADDED ENTRY--TOPICAL TERM |
| Topical Term |
Socioeconomic Factors. |
| 700 1# - ADDED ENTRY--PERSONAL NAME |
| Personal name |
Haire-Joshu, Debra. |
| 700 1# - ADDED ENTRY--PERSONAL NAME |
| Personal name |
McBride, Timothy D. |
| 942 ## - ADDED ENTRY ELEMENTS (KOHA) |
| Koha item type |
ADB |
| 952 ## - LOCATION AND ITEM INFORMATION (KOHA) |
| Withdrawn status [LOCAL, KOHA] |
0 |